[Event "IECC M-5309"]
[Site "IECC email"]
[Date "2005.08.20"]
[Round "?"]
[White "Foletta, Ian"]
[Black "Janssens, Werner"]
[Result "0-1"]
[WhiteElo "1055"]
[BlackElo "1250"]
[PlyCount "56"]
[EventDate "2005.??.??"]
[EventType "tourn (corr)"]
[EventRounds "10"]
[SourceTitle "Corr 2008"]
[Source "ChessBase"]
[SourceDate "2008.06.24"]
[SourceVersion "1"]
[SourceVersionDate "2008.06.24"]
[SourceQuality "1"]

1. e4 c5 2. Nf3 d6 3. d4 cxd4 4. Qxd4 Nc6 5. Qd1 Nf6 6. Nc3 g6 7. Be2 Bg7 8. Be3 0-0 9. 0-0 Bd7 10. Nd2 Be6 11. f4 d5 12. exd5 Nxd5 13. Nxd5 Bxd5 14. c4 Be6 15. Qc2 Nd4 16. Bxd4 Qxd4+ 17. Kh1 Qxb2 18. Qxb2 Bxb2 19. Rab1 Ba3 20. Rxb7 Rfd8 21. Nb1 Bc5 22. h3 Rd4 23. Rc7 Bd6 24. Rb7 Bxc4 25. Bxc4 Rxc4 26. Nd2 Rxf4 27. Rxf4 Bxf4 28. Ne4 Rb8 0-1

[Event "IECC M-5309"]
[Site "IECC email"]
[Date "2005.08.20"]
[Round "?"]
[White "Janssens, Werner"]
[Black "Foletta, Ian"]
[Result "1-0"]
[WhiteElo "1258"]
[BlackElo "1053"]
[PlyCount "63"]
[EventDate "2005.??.??"]
[EventType "tourn (corr)"]
[EventRounds "10"]
[SourceTitle "Corr 2008"]
[Source "ChessBase"]
[SourceDate "2008.06.24"]
[SourceVersion "1"]
[SourceVersionDate "2008.06.24"]
[SourceQuality "1"]

1. d4 Nf6 2. c4 g6 3. Nc3 Bg7 4. e4 d6 5. Nf3 0-0 6. Be2 Nc6 7. d5 Nb8 8. 0-0 c6 9. h3 Nbd7 10. Be3 b5 11. cxb5 cxb5 12. Bxb5 Rb8 13. Bxa7 Rb7 14. Qa4 Nb6 15. Bxb6 Rxb6 16. Rfc1 Nd7 17. Nd4 e5 18. Nc6 Qh4 19. Qa5 f5 20. Na7 fxe4 21. Nxc8 Qxf2+ 22. Kh1 Rf3 23. Bxd7 Rxb2 24. Rg1 Bf6 25. Nd1 Qd2 26. Be6+ Kg7 27. Qc7+ Kh6 28. Nxb2 Qxb2 29. gxf3 exf3 30. Bg8 Bg7 31. Nxd6 f2 32. Nf5+ 1-0